| 000 | 00532nam a22001937a 4500 | ||
|---|---|---|---|
| 005 | 20221214115424.0 | ||
| 008 | 221214b ||||| |||| 00| 0 eng d | ||
| 040 | _cAL | ||
| 041 | _aEnglish | ||
| 082 |
_223 _a338.9 _bPURI |
||
| 100 |
_aAroon Purie _965914 |
||
| 245 | _aIndia Today: India Tomorrow | ||
| 260 |
_aNew Delhi _bLiving Media India Ltd _c2000 |
||
| 300 |
_a136 p. _bPB _c27x20 cm. |
||
| 440 |
_aThe Millennnium series Vol 3 _965915 |
||
| 650 |
_aJournal _965916 |
||
| 700 |
_a PURIE (Aroon) _965917 |
||
| 942 |
_2ddc _cGF |
||
| 999 |
_c225719 _d225719 |
||